Raggedy Ann Stories (Record no. 247445)
[ view plain ]
| 000 -LEADER | |
|---|---|
| fixed length control field | 01113cam a22002653a 4500 |
| 001 - CONTROL NUMBER | |
| control field | 18190 |
| 003 - CONTROL NUMBER IDENTIFIER | |
| control field | PGUSA |
| 005 - DATE AND TIME OF LATEST TRANSACTION | |
| control field | 20140828083403.0 |
| 008 - FIXED-LENGTH DATA ELEMENTS--GENERAL INFORMATION | |
| fixed length control field | 060417s2006||||xxu|||||s|||||000 1 eng d |
| 040 ## - CATALOGING SOURCE | |
| Original cataloging agency | PGUSA |
| Language of cataloging | eng |
| 042 ## - AUTHENTICATION CODE | |
| Authentication code | dc |
| 050 #4 - LIBRARY OF CONGRESS CALL NUMBER | |
| Classification number | PZ |
| 100 1# - MAIN ENTRY--PERSONAL NAME | |
| Personal name | Gruelle, Johnny, |
| Dates associated with a name | 1880-1938 |
| 245 10 - TITLE STATEMENT | |
| Title | Raggedy Ann Stories |
| Medium | [electronic resource] / |
| Statement of responsibility, etc | Johnny Gruelle |
| 260 ## - PUBLICATION, DISTRIBUTION, ETC. (IMPRINT) | |
| Name of publisher, distributor, etc | Project Gutenberg, |
| Date of publication, distribution, etc | 2006 |
| 500 ## - GENERAL NOTE | |
| General note | Illustrated by the author. |
| 505 0# - FORMATTED CONTENTS NOTE | |
| Formatted contents note | Raggedy Ann learns a lesson -- Raggedy Ann and the washing -- Raggedy Ann and the kite -- Raggedy Ann rescues Fido -- Raggedy Ann and the painter -- Raggedy Ann's trip on the river -- Raggedy Ann and the strange dolls -- Raggedy Ann and the kittens -- Raggedy Ann and the fairies' gift -- Raggedy Ann and the chickens -- Raggedy Ann and the mouse -- Raggedy Ann's new sisters. |
| 506 ## - RESTRICTIONS ON ACCESS NOTE | |
| Terms governing access | Public domain in the USA. |
| 516 ## - TYPE OF COMPUTER FILE OR DATA NOTE | |
| Type of computer file or data note | Electronic text |
| 653 ## - INDEX TERM--UNCONTROLLED | |
| Uncontrolled term | Children's stories, American |
| 653 ## - INDEX TERM--UNCONTROLLED | |
| Uncontrolled term | Dolls -- Juvenile fiction |
| 830 #0 - SERIES ADDED ENTRY--UNIFORM TITLE | |
| Uniform title | Project Gutenberg |
| Volume number/sequential designation | 18190 |
| 856 40 - ELECTRONIC LOCATION AND ACCESS | |
| Uniform Resource Identifier | <a href="http://www.gutenberg.org/ebooks/18190">http://www.gutenberg.org/ebooks/18190</a> |
| 942 ## - ADDED ENTRY ELEMENTS (KOHA) | |
| Koha item type | eBooks |
| Withdrawn status | Lost status | Damaged status | Home library | Current library | Date acquired | Total Checkouts | Date last seen | Price effective from | Koha item type |
|---|---|---|---|---|---|---|---|---|---|
| Project Gutenberg | Project Gutenberg | 08/28/2014 | 08/28/2014 | 08/28/2014 | eBooks |